000 00927nam a2200229Ii 4500
003 JO-AjNU
008 230605s9999||||xx |||||||||||||| ||und||
017 _a1997/3/290
020 _a9957-11-791-3
040 _aJO-AjNU
_bara
_erda
_cJO-AjNU
041 _aara
050 1 4 _aHB172.A44.2004
100 3 _aتأليف: سعيد،عفاف عبد الجبار/م.مشارك: مجيد علي حسين,
_eauthor
_933306
245 0 0 _aمقدمة في التحليل الاقتصادي الجزئي=Introduction To Microeconomic Analysis
250 _aط3 مزيدة ومنقحة
264 3 1 _aعمان:دار وائل للنشر والتوزيع،2004
300 _a415ص
_bيحتوي على قائمة المصطلحات و ببلوغرافية من 401-415ص
336 _atext
_btxt
_2rdacontent
337 _aunmediated
_bn
_2rdamedia
338 _avolume
_bnc
_2rdacarrier
650 4 _aالاقتصاد الجزئي
_933307
999 _aA13543
_c17111
_d17111